Prevádzkové a hygienické predpisy otvorených a zakrytých plavární, termálnych kúpalísk liečebných a verejných

Bibliographic Details
Corporate Author: Slovensko (Author)
Format: Book
Language:Slovak
PhysicalDescription:210 s. tab. 30 cm
Published: Dunajská Lužná PRESOX 1999
ISBN:8088962595
Subjects:

MARC

LEADER 00000cam a2200000 a 4500
001 vtls001391634
003 SK-MaSNL
005 20260301201731.0
008 240226s1999 xo a r 000 0 slo
015 |a SNBI2000/04-01444 
020 |a 8088962595 
035 |a SNK000345916 
035 |a urn:nbn:sk:snk-amtkgy 
035 |a urn:nbn:sk:snk-am00c8g3 
035 |a 21C34032-320D-4D2E-98C6-7E93E5B4D078 
040 |a SNK  |b slo  |c SNK  |e AACR2 
041 0 |a slo 
044 |a xo  |c SK 
080 |a 725.7/.8:658.11(094.5)(083.133)(035)  |2 1981 
080 |a 658.11  |2 1981 
110 1 |a Slovensko  |4 aut  |9 266955 
245 1 0 |a Prevádzkové a hygienické predpisy otvorených a zakrytých plavární, termálnych kúpalísk liečebných a verejných 
260 |a Dunajská Lužná  |b PRESOX  |c 1999 
300 |a 210 s.  |b tab.  |c 30 cm 
500 |a Obalový názov 
650 0 7 |a plavárne  |2 SNKPH  |9 22078 
650 0 7 |a kúpaliská  |2 SNKPH  |9 4394 
650 0 7 |a hygiena  |2 SNKPH  |9 16835 
655 7 |a zákony  |2 SNKPH  |9 70186 
919 |a 80-88962-59-5 
958 |a TL 
999 |c 896049  |d 897979 
952 |t P60, <03>, [BOOK], {603}  |a SNK  |b SNK  |y PREZ  |7 0  |p 17A0244241  |o snkSB 61950  |i snkKSP 6506/2000  |0 0  |1 0  |4 0  |d 2000-06-29  |f 1  |l 0  |r 2025-04-10 00:00:00  |w 2026-02-24 
952 |a SNK  |b SNK  |y PREZ  |7 0  |p 17A0258376  |o snkSB 61950 D1  |i snkKSP 12087/2000  |0 0  |1 0  |4 0  |d 2000-11-14  |l 0  |r 2005-01-02 00:00:00  |w 2026-02-24